[Event "4NCL Division Two"]
[Site "Telford, ENG"]
[Date "2024.02.10"]
[EventDate "2024.02.10"]
[Round "5.58"]
[White "Pal, Rohan"]
[WhiteElo "2123"]
[WhiteTeam "Warwickshire Select 1"]
[Black "Mykhnenko, Marijka"]
[BlackElo "1397"]
[BlackTeam "Gonzaga"]
[Result "1-0"]

1. c4 e5 2. Nc3 c5 3. g3 Nc6 4. Bg2 Nf6 5. e4 g6 6. Nge2 Bg7 7. O-O O-O 8. d3
d6 9. f4 exf4 10. Bxf4 a6 11. Qd2 Qd7 12. Bg5 Ne8 13. Nd5 Nc7 14. Nb6 Qe8 15.
Nxa8 Nxa8 16. Nc3 Nc7 17. Rae1 Ne5 18. Bf6 Qd7 19. Bxg7 Kxg7 20. h3 Qd8 21. b3
b6 22. Nd5 Nxd5 23. exd5 Bb7 24. d4 Nd7 25. dxc5 dxc5 26. Qc3+ Kg8 27. Qe3 Bc8
28. Qe7 Qxe7 29. Rxe7 Kg7 30. d6 Nf6 31. Rd1 Bd7 32. g4 h6 33. Bd5 a5 34. Rf1
Bc8 35. d7 Bxd7 36. Rxf6 Kxf6 37. Rxd7 Kg7 38. Rb7 Kg8 39. Rxb6 Kg7 40. Rc6 Ra8
41. Rxg6+ fxg6 42. Bxa8 g5 43. Kf2 Kf6 44. Ke3 Ke5 45. a4 Kd6 46. Ke4 Ke6 47.
Bd5+ Kf6 48. Bg8 Kg7 49. Kd5 Kxg8 50. Kxc5 Kf7 51. Kb6 Ke6 52. c5 Ke5 53. c6
Kf4 54. c7 Kg3 55. c8=Q Kxh3 56. b4 axb4 57. a5 b3 58. Qc3+ Kxg4 59. a6 Kh4 60.
a7 b2 61. Qxb2 g4 62. a8=Q h5 63. Qh2+ Kg5 64. Qd5+ Kh6 65. Qhxh5+ Kg7 66.
Qdf7# 1-0

[Event "4NCL Division Two"]
[Site "Telford, ENG"]
[Date "2024.02.10"]
[EventDate "2024.02.10"]
[Round "5.61"]
[White "Buckley, Graeme N"]
[WhiteTitle "IM"]
[WhiteElo "2332"]
[WhiteTeam "CSC/Kingston 1"]
[Black "Roberson, Peter T"]
[BlackTitle "IM"]
[BlackElo "2426"]
[BlackTeam "The Sharks 2"]
[Result "1-0"]

1. e4 c5 2. Nf3 d6 3. Bb5+ Nd7 4. Ba4 Ngf6 5. O-O e6 6. Re1 a6 7. c3 c4 8. Bc2
Be7 9. b3 b5 10. bxc4 bxc4 11. Na3 Nb6 12. Qe2 d5 13. exd5 Qxd5 14. Rb1 Bc5 15.
Ne5 Bb7 16. Qf1 O-O 17. Naxc4 Nxc4 18. Nxc4 Rac8 19. Ne5 Ba8 20. Bb3 Qd8 21. d4
Be4 22. Rxe4 Nxe4 23. dxc5 Rxc5 24. Nf3 Rxc3 25. Qe1 Qa8 26. Ng5 Rd8 27. Nxe4
Rxb3 28. axb3 Qxe4 29. Be3 Rb8 30. f3 Qd5 31. b4 h6 32. h3 Rb5 33. Rd1 Qb7 34.
Bd2 Rd5 35. Rc1 Rd3 36. Qe2 Qd5 37. Be1 g5 38. Qe4 Qxe4 39. fxe4 Re3 40. Kf2
Rxe4 41. Ra1 Rc4 42. Rxa6 Rc2+ 43. Kf3 Rb2 44. Rc6 Kh7 45. Bc3 Rb1 46. Ke4 Kg6
47. Kd3 h5 48. Kc2 Rg1 49. b5 Rxg2+ 50. Kb3 g4 51. hxg4 Rxg4 52. b6 Rg5 53. Kc4
Rg4+ 54. Kb5 Rg5+ 55. Rc5 1-0

[Event "4NCL Division Two"]
[Site "Telford, ENG"]
[Date "2024.02.10"]
[EventDate "2024.02.10"]
[Round "5.62"]
[White "Hryshchenko, Kamila"]
[WhiteElo "2274"]
[WhiteTeam "The Sharks 2"]
[Black "Maycock Bates, David Henry"]
[BlackTitle "CM"]
[BlackElo "2343"]
[BlackTeam "CSC/Kingston 1"]
[Result "1/2-1/2"]

1. e4 e5 2. Nf3 Nc6 3. Bb5 a6 4. Ba4 Nf6 5. O-O Be7 6. Re1 b5 7. Bb3 d6 8. c3
O-O 9. h3 Bb7 10. d3 Na5 11. Bc2 c5 12. Nbd2 Re8 13. Nf1 h6 14. Ng3 Bf8 15. d4
cxd4 16. cxd4 Nc6 17. d5 Nb4 18. Bb1 a5 19. Qe2 Rc8 20. a3 Na6 21. Bd3 Nc7 22.
Bd2 Ra8 23. Bxb5 Nxb5 24. Qxb5 Qd7 25. Qxd7 Nxd7 26. b4 axb4 27. axb4 g6 28.
Rxa8 Rxa8 29. Rc1 Ba6 30. Ra1 Kg7 31. Be3 Bb7 32. Rxa8 Bxa8 33. Nd2 f5 34. exf5
Bxd5 35. b5 Be7 36. fxg6 Kxg6 37. Bxh6 Be6 38. Be3 d5 39. Nf3 d4 40. Bd2 Bc4
41. b6 Bd5 42. Ba5 Bxf3 43. gxf3 Bd8 44. f4 exf4 45. Ne2 Bxb6 46. Bxb6 Nxb6 47.
Nxd4 Nc4 48. Kf1 Kg5 49. Nf3+ Kf5 50. Ke2 Nd6 51. Nd4+ Ke4 52. Nf3 Kf5 53. Kd3
Ne4 54. Nh4+ Ke5 55. Ke2 Nc5 56. Kf3 Nd3 57. Ng6+ Kf5 58. Ne7+ Kg5 59. Nd5 Kf5
60. Ke2 Ne5 1/2-1/2

[Event "4NCL Division Two"]
[Site "Telford, ENG"]
[Date "2024.02.10"]
[EventDate "2024.02.10"]
[Round "5.63"]
[White "Finn, Peter"]
[WhiteTitle "CM"]
[WhiteElo "2278"]
[WhiteTeam "CSC/Kingston 1"]
[Black "Foisor, Mihaela-Veronica"]
[BlackTitle "WIM"]
[BlackElo "2195"]
[BlackTeam "The Sharks 2"]
[Result "1-0"]

1. c4 c5 2. Nf3 Nc6 3. e3 g6 4. d4 Bg7 5. Nc3 d6 6. d5 Ne5 7. Nxe5 Bxe5 8. Bd3
Bg7 9. O-O e5 10. dxe6 Bxe6 11. Be4 Qd7 12. Nb5 Rd8 13. Qa4 Ke7 14. Rd1 Be5 15.
f4 a6 16. fxe5 axb5 17. cxb5 d5 18. Bf3 f6 19. e4 fxe5 20. exd5 Bf5 21. Bg5+
Nf6 22. d6+ Kf7 23. Qh4 Qe6 24. Bxf6 Qxf6 25. Bd5+ Kg7 26. Qxf6+ Kxf6 27. Bxb7
Ke6 28. a4 Rxd6 29. a5 Bg4 30. Rxd6+ Kxd6 31. a6 Kc7 32. Bd5 Bc8 33. a7 Bb7 34.
a8=Q Rxa8 35. Rxa8 Bxd5 36. Ra6 Kb7 37. Kf2 1-0

[Event "4NCL Division Two"]
[Site "Telford, ENG"]
[Date "2024.02.10"]
[EventDate "2024.02.10"]
[Round "5.64"]
[White "Bremner, Adam"]
[WhiteTitle "CM"]
[WhiteElo "2289"]
[WhiteTeam "The Sharks 2"]
[Black "Lalic, Peter D"]
[BlackTitle "CM"]
[BlackElo "2268"]
[BlackTeam "CSC/Kingston 1"]
[Result "0-1"]

1. Nf3 d6 2. e4 Nc6 3. d4 e5 4. Bb5 Nge7 5. d5 a6 6. Be2 Nb8 7. c4 g6 8. Nc3
Bg7 9. h4 h6 10. Be3 f5 11. exf5 gxf5 12. Ng1 O-O 13. f4 Nd7 14. Qd2 e4 15. g4
fxg4 16. Bxg4 Nc5 17. Be2 Nf5 18. Bxc5 dxc5 19. Nxe4 Qe7 20. Nc3 Ne3 21. d6
cxd6 22. Nd5 Nxd5 23. Qxd5+ Be6 24. Qd2 Bxc4 25. O-O-O Bxa2 26. Rh3 Qe4 27. Bd3
Qxf4 28. Qxf4 Rxf4 29. Ne2 Rf2 30. Rg1 Kh8 31. Rhg3 Rg8 32. Kd2 Bxb2 33. Rxg8+
Bxg8 34. Ke3 Rf7 35. Rg6 Rf6 36. Rg2 Be5 0-1

[Event "4NCL Division Two"]
[Site "Telford, ENG"]
[Date "2024.02.10"]
[EventDate "2024.02.10"]
[Round "5.65"]
[White "Wilson, Ewan"]
[WhiteElo "2185"]
[WhiteTeam "CSC/Kingston 1"]
[Black "Price, Gwilym"]
[BlackElo "2267"]
[BlackTeam "The Sharks 2"]
[Result "0-1"]

1. d4 Nf6 2. c4 g6 3. Nc3 Bg7 4. e4 d6 5. Be2 O-O 6. Nf3 e5 7. O-O Nc6 8. d5
Ne7 9. b4 Nh5 10. Re1 f5 11. exf5 gxf5 12. a4 Nf6 13. Ra3 Kh8 14. a5 c6 15. Bb2
cxd5 16. Nxd5 Nexd5 17. cxd5 Bd7 18. Bc4 Rc8 19. Ba2 Ng4 20. h3 Nh6 21. Nd2 Qh4
22. Bc3 Rf6 23. Nf3 Qh5 24. h4 f4 25. Bb1 Bg4 26. Qd3 Nf5 27. Nxe5 dxe5 28.
Bxe5 Rg6 29. Rc3 Rg8 30. Rc7 Bxe5 31. Rxe5 Bf3 32. g3 Qxh4 33. Qxf3 Rxg3+ 34.
fxg3 Rxg3+ 35. Qxg3 Qxg3+ 36. Kf1 Ne3+ 0-1

[Event "4NCL Division Two"]
[Site "Telford, ENG"]
[Date "2024.02.10"]
[EventDate "2024.02.10"]
[Round "5.66"]
[White "Birtwistle, Nigel"]
[WhiteElo "2134"]
[WhiteTeam "The Sharks 2"]
[Black "Farrand, Tom"]
[BlackElo "2145"]
[BlackTeam "CSC/Kingston 1"]
[Result "0-1"]

1. d4 e6 2. Nf3 f5 3. Bg5 Be7 4. h4 Nf6 5. Nbd2 b6 6. Bxf6 Bxf6 7. e4 fxe4 8.
Nxe4 Bb7 9. Bd3 Bxe4 10. Bxe4 d5 11. Bd3 Qd6 12. c3 Nd7 13. Ng5 Nf8 14. Qa4+ c6
15. O-O-O h6 16. Nf3 b5 17. Qa6 Rb8 18. Qxa7 Nd7 19. Ne5 Bxe5 20. dxe5 Qxe5 21.
Rde1 Qf4+ 22. Kb1 Ke7 23. g3 Qf6 24. Qd4 b4 25. Qxf6+ gxf6 26. cxb4 Rxb4 27.
Bf5 Nc5 28. a3 Rb3 29. Bc2 Rf3 30. Rhf1 Rb8 31. Ka2 Nd3 32. Bxd3 Rxd3 33. Re2
Kd6 34. Rc1 c5 35. g4 e5 36. Rg1 Rg8 37. Re3 Rd2 38. Rf3 Ke6 39. Rg2 c4 40. Rg1
d4 41. Ka1 Rb8 42. Rb1 Rc2 43. g5 fxg5 44. hxg5 hxg5 45. Rg3 Rxf2 46. Rxg5 Re2
47. Rg7 d3 0-1

[Event "4NCL Division Two"]
[Site "Telford, ENG"]
[Date "2024.02.10"]
[EventDate "2024.02.10"]
[Round "5.67"]
[White "Frostick, Clive A"]
[WhiteElo "2115"]
[WhiteTeam "CSC/Kingston 1"]
[Black "Varnam, Liam D"]
[BlackElo "2118"]
[BlackTeam "The Sharks 2"]
[Result "1-0"]

1. e4 c5 2. Nf3 Nc6 3. Bb5 g6 4. O-O Bg7 5. Re1 Nd4 6. Nxd4 cxd4 7. c3 e5 8.
cxd4 exd4 9. d3 Ne7 10. Nd2 O-O 11. Nf3 d5 12. Bg5 h6 13. Bxe7 Qxe7 14. exd5
Qc5 15. Bc4 b5 16. Bb3 Bb7 17. Rc1 Qd6 18. Nd2 Bxd5 19. Bxd5 Qxd5 20. Qb3 Qf5
21. Ne4 Rfe8 22. Rc7 a5 23. Rec1 a4 24. Qb4 Bf8 25. Qxd4 Bg7 26. Qb4 Rac8 27.
g3 Rxc7 28. Rxc7 Qe5 29. Rc5 Qxb2 30. Qxb5 Qxb5 31. Rxb5 Rd8 32. Ra5 f5 33. Nc5
Bf8 34. Ne6 Rxd3 35. Ra8 Kf7 36. Nxf8 Rd2 37. Nxg6 Kxg6 38. Rxa4 Kg5 39. Kg2
Rd3 40. Ra8 Rd2 41. a4 Rd3 42. a5 Ra3 43. a6 Kg6 44. a7 Kg7 45. f4 Ra2+ 46. Kf3
Ra3+ 47. Ke2 h5 48. h4 Ra2+ 49. Kd3 Ra3+ 50. Kd4 Ra4+ 51. Ke5 Ra5+ 52. Ke6 Kh7
53. Rd8 Ra6+ 54. Rd6 1-0

[Event "4NCL Division Two"]
[Site "Telford, ENG"]
[Date "2024.02.10"]
[EventDate "2024.02.10"]
[Round "5.68"]
[White "McCarthy, Kevin C"]
[WhiteElo "2016"]
[WhiteTeam "The Sharks 2"]
[Black "Frostick, Helen M"]
[BlackElo "1851"]
[BlackTeam "CSC/Kingston 1"]
[Result "1-0"]

1. d4 Nf6 2. Nf3 d5 3. Bf4 g6 4. e3 Bg7 5. Bd3 O-O 6. Nbd2 b6 7. h3 c5 8. c3
Ba6 9. Bxa6 Nxa6 10. O-O Nc7 11. Ne5 Ne6 12. Bh2 Re8 13. f4 Nd7 14. f5 Ng5 15.
Qg4 f6 16. fxg6 h6 17. Nxd7 e6 18. Nxf6+ Bxf6 19. h4 Ne4 20. Nxe4 dxe4 21. Qxe4
cxd4 22. exd4 Qe7 23. Rxf6 Qxf6 24. Rf1 Qxf1+ 25. Kxf1 Rf8+ 26. Kg1 Rad8 27.
Qxe6+ 1-0

[Event "4NCL Division Two"]
[Site "Telford, ENG"]
[Date "2024.03.16"]
[EventDate "2024.03.16"]
[Round "7.11"]
[White "Kolani, Arjun"]
[WhiteElo "2241"]
[WhiteTeam "Sussex Martlets 1"]
[Black "Li, Henry"]
[BlackTitle "FM"]
[BlackElo "2358"]
[BlackTeam "Gonzaga"]
[Result "1-0"]

1. e4 g6 2. d4 Bg7 3. Nc3 d6 4. Be3 a6 5. Nf3 b5 6. a4 b4 7. Na2 a5 8. c3 bxc3
9. bxc3 Nf6 10. Bd3 O-O 11. O-O Nbd7 12. Re1 e5 13. h3 Nh5 14. Rb1 Kh8 15. Bc4
Nb6 16. Bb5 Bb7 17. Nd2 Qf6 18. Nc1 Nf4 19. Nd3 Ne6 20. d5 Nf4 21. Nxf4 exf4
22. Bd4 Qe7 23. Nf3 Bc8 24. Qd2 g5 25. e5 Bf5 26. Rbd1 h6 27. c4 Nd7 28. exd6
Qxd6 29. h4 Bg4 30. Bxd7 Bxf3 31. Bxg7+ Kxg7 32. Qc3+ f6 33. Qxf3 Qxd7 34. Re6
Rae8 35. Rde1 Qxa4 36. Qh5 Rxe6 37. dxe6 Qe8 38. Qd1 Qe7 39. h5 Rd8 40. Qb1 Qe8
41. e7 Rc8 42. Qb7 Kf7 43. Qd5+ Kg7 44. Qxa5 Qxh5 45. Qa6 Re8 46. Qc6 g4 47.
Qxc7 f3 48. Re3 Kf7 49. Qd6 Qf5 50. c5 Ra8 51. Qd1 g3 52. Qb3+ Kg7 53. e8=Q
Ra1+ 54. Re1 gxf2+ 55. Kxf2 Qxc5+ 56. Qee3 1-0

[Event "4NCL Division Two"]
[Site "Telford, ENG"]
[Date "2024.03.16"]
[EventDate "2024.03.16"]
[Round "7.12"]
[White "Jessel, Stephen"]
[WhiteTitle "FM"]
[WhiteElo "2285"]
[WhiteTeam "Gonzaga"]
[Black "Graham, David B"]
[BlackElo "2240"]
[BlackTeam "Sussex Martlets 1"]
[Result "1-0"]

1. Nf3 Nf6 2. c4 c5 3. g3 g6 4. b3 Bg7 5. Bb2 d6 6. Bg2 e5 7. Nc3 Nc6 8. O-O
O-O 9. e3 Bf5 10. d3 Qd7 11. Ng5 h6 12. Nge4 Bh3 13. Nxf6+ Bxf6 14. Ne4 Be7 15.
Bxh3 Qxh3 16. f4 f5 17. Nf2 Qh5 18. Qxh5 gxh5 19. Rae1 Bf6 20. Re2 Rae8 21.
fxe5 dxe5 22. Nd1 Bg7 23. Nc3 Nb4 24. Rd2 Rd8 25. Rfd1 f4 26. e4 fxg3 27. a3
gxh2+ 28. Kxh2 Nc6 29. Nd5 Bf6 30. Rg2+ Bg5 31. Bc1 Nd4 32. Kh1 Rf3 33. Bb2
Rh3+ 34. Rh2 Rxh2+ 35. Kxh2 Bf4+ 36. Nxf4 exf4 37. Bxd4 Rxd4 38. Kg2 Rd6 39.
Kf3 Ra6 40. Ra1 Rd6 41. Rd1 Ra6 42. b4 b6 43. Kxf4 Rxa3 44. bxc5 bxc5 45. e5
Kf7 46. Ke4 Ra2 47. Kd5 Re2 48. Kxc5 Rxe5+ 49. Kd6 Re6+ 50. Kd5 Ke7 51. c5 Rg6
52. Rb1 h4 53. d4 h3 54. Rh1 Rg3 55. Kc6 Kd8 56. d5 Ra3 57. d6 Ra6+ 58. Kd5 Ra3
59. Rf1 Rd3+ 60. Kc6 Ke8 61. Kc7 h2 62. c6 a5 63. d7+ Ke7 64. Re1+ 1-0

[Event "4NCL Division Two"]
[Site "Telford, ENG"]
[Date "2024.03.16"]
[EventDate "2024.03.16"]
[Round "7.13"]
[White "Cumming, Rhys"]
[WhiteTitle "FM"]
[WhiteElo "2293"]
[WhiteTeam "Sussex Martlets 1"]
[Black "Delaney, Killian"]
[BlackTitle "FM"]
[BlackElo "2279"]
[BlackTeam "Gonzaga"]
[Result "1/2-1/2"]

1. e4 c6 2. d4 d5 3. Nd2 dxe4 4. Nxe4 Nd7 5. Nf3 Ngf6 6. Nxf6+ Nxf6 7. c3 Bg4
8. h3 Bxf3 9. Qxf3 e6 10. Be2 Qd5 11. O-O Bd6 12. Rd1 Qxf3 13. Bxf3 O-O-O 14.
c4 e5 15. Be3 Rhe8 16. Rab1 exd4 17. Rxd4 c5 18. Rdd1 b6 19. Bg5 Be5 20. b3 h6
21. Bxf6 Bxf6 22. Kf1 Rxd1+ 23. Rxd1 Bd4 24. Re1 1/2-1/2

[Event "4NCL Division Two"]
[Site "Telford, ENG"]
[Date "2024.03.16"]
[EventDate "2024.03.16"]
[Round "7.14"]
[White "Wall, Gavin"]
[WhiteTitle "IM"]
[WhiteElo "2274"]
[WhiteTeam "Gonzaga"]
[Black "Grant, David J"]
[BlackElo "2202"]
[BlackTeam "Sussex Martlets 1"]
[Result "1-0"]

1. e4 c5 2. Nf3 Nc6 3. Bb5 d6 4. d4 cxd4 5. Qxd4 Bd7 6. Bxc6 Bxc6 7. Nc3 Nf6 8.
Bg5 e6 9. O-O-O Be7 10. Rhe1 Qa5 11. Kb1 O-O 12. Qd2 Qc5 13. Nd4 Rfd8 14. f3
Rac8 15. g4 Be8 16. h4 b5 17. Be3 b4 18. Nce2 Qc7 19. g5 Nd7 20. f4 Nc5 21. Ng3
Bf8 22. Qg2 a5 23. f5 a4 24. f6 g6 25. h5 e5 26. Nf3 b3 27. axb3 axb3 28. Bxc5
dxc5 29. cxb3 Bb5 30. hxg6 fxg6 31. Qh3 Re8 32. Nf5 Qf7 33. Ne7+ Bxe7 34. Nxe5
Qf8 35. f7+ 1-0

[Event "4NCL Division Two"]
[Site "Telford, ENG"]
[Date "2024.03.16"]
[EventDate "2024.03.16"]
[Round "7.15"]
[White "Bucher, Grant W"]
[WhiteElo "2132"]
[WhiteTeam "Sussex Martlets 1"]
[Black "Menzies, Colin"]
[BlackTitle "FM"]
[BlackElo "2201"]
[BlackTeam "Gonzaga"]
[Result "0-1"]

1. e4 c6 2. Nf3 d5 3. Nc3 Nf6 4. e5 Ne4 5. d4 Nxc3 6. bxc3 e6 7. Bd3 c5 8. dxc5
Nc6 9. O-O Bxc5 10. Qe2 Qc7 11. a4 Bd7 12. Rb1 h6 13. c4 dxc4 14. Bxc4 a6 15.
Rd1 Ne7 16. Qe4 O-O-O 17. Bf4 g5 18. Bg3 Nf5 19. Rxd7 Rxd7 20. Bxa6 Bb6 21. a5
Bxa5 22. Bb5 Rdd8 23. h3 Bb6 24. Ra1 Qc5 25. Bd3 Nxg3 0-1

[Event "4NCL Division Two"]
[Site "Telford, ENG"]
[Date "2024.03.16"]
[EventDate "2024.03.16"]
[Round "7.16"]
[White "Thorarinsson, Pall A."]
[WhiteTitle "FM"]
[WhiteElo "2197"]
[WhiteTeam "Gonzaga"]
[Black "Rich, Mark C"]
[BlackTitle "CM"]
[BlackElo "2212"]
[BlackTeam "Sussex Martlets 1"]
[Result "1-0"]

1. e4 c5 2. Nf3 Nc6 3. Bb5 g6 4. Bxc6 dxc6 5. d3 Bg7 6. h3 Nf6 7. Nc3 O-O 8.
Be3 b6 9. Qd2 Ne8 10. Bh6 Nc7 11. h4 f6 12. O-O-O e5 13. Rdg1 Ne6 14. g4 Nd4
15. Nxd4 cxd4 16. Ne2 Be6 17. Bxg7 Kxg7 18. f4 Qd6 19. h5 exf4 20. hxg6 hxg6
21. Nxf4 Rh8 22. g5 fxg5 23. Nxe6+ Qxe6 24. Qxg5 Qf6 25. Qg3 Rxh1 26. Rxh1 Rf8
27. Qh3 Qf4+ 28. Kb1 Qf2 29. Qh7+ Kf6 30. Qd7 Rf7 31. Qxc6+ Kg7 32. b3 Qg2 33.
Rc1 g5 34. Qd5 g4 35. Qxd4+ Kg6 36. e5 Rf1 37. Qd6+ Kh5 38. e6 Rxc1+ 39. Kxc1
Qf1+ 40. Kb2 Qf6+ 41. d4 Kh4 42. Qd7 1-0

[Event "4NCL Division Two"]
[Site "Telford, ENG"]
[Date "2024.03.16"]
[EventDate "2024.03.16"]
[Round "7.17"]
[White "Brewer, Callum D"]
[WhiteElo "2149"]
[WhiteTeam "Sussex Martlets 1"]
[Black "Bourached, Anthony"]
[BlackElo "2155"]
[BlackTeam "Gonzaga"]
[Result "1/2-1/2"]

1. e4 c6 2. d4 d5 3. f3 e6 4. Nc3 Bb4 5. Bd2 Ne7 6. a3 Bxc3 7. Bxc3 b6 8. Qd2
Ba6 9. Ne2 O-O 10. Nf4 Bxf1 11. Kxf1 Qd7 12. Rd1 Rd8 13. h4 c5 14. dxc5 bxc5
15. Bxg7 Qb5+ 16. Kg1 Nbc6 17. e5 Nf5 18. Bf6 Qxb2 19. Nxe6 fxe6 20. Qg5+ Kf7
21. Qh5+ Kg8 22. Qg5+ Kf7 23. Qh5+ 1/2-1/2

[Event "4NCL Division Two"]
[Site "Telford, ENG"]
[Date "2024.03.16"]
[EventDate "2024.03.16"]
[Round "7.18"]
[White "Putar, Lara"]
[WhiteElo "1916"]
[WhiteTeam "Gonzaga"]
[Black "Graham, Cassie M"]
[BlackElo "2013"]
[BlackTeam "Sussex Martlets 1"]
[Result "1-0"]

1. d4 Nf6 2. c4 g6 3. Nc3 d5 4. Nf3 Bg7 5. e3 O-O 6. b3 c6 7. Bb2 h6 8. Bd3 Be6
9. O-O Nbd7 10. Rc1 Qa5 11. h3 Rfc8 12. Qe2 a6 13. e4 dxe4 14. Nxe4 Nxe4 15.
Bxe4 Nf6 16. Bxg6 Qxa2 17. Rc3 Qa5 18. Bb1 b5 19. Re3 bxc4 20. Rxe6 c3 21. Bc1
Nd5 22. Bxh6 Nf4 23. Bxf4 fxe6 24. Qxe6+ Kf8 25. Re1 Bf6 26. Bg6 1-0

[Event "4NCL Division Two"]
[Site "Telford, ENG"]
[Date "2024.03.16"]
[EventDate "2024.03.16"]
[Round "7.21"]
[White "Jogstad, Martin"]
[WhiteTitle "FM"]
[WhiteElo "2401"]
[WhiteTeam "CSC/Kingston 1"]
[Black "Jones, Steven A"]
[BlackElo "2230"]
[BlackTeam "The Audible Checks"]
[Result "0-1"]

1. d4 Nf6 2. c4 g6 3. Nc3 d5 4. Bg5 Ne4 5. Bh4 Nxc3 6. bxc3 dxc4 7. e3 Be6 8.
Nf3 Bg7 9. Be2 Nd7 10. O-O O-O 11. e4 c5 12. Ng5 cxd4 13. cxd4 Nb6 14. Nxe6
fxe6 15. Bg4 Qxd4 16. Bxe6+ Kh8 17. Qxd4 Bxd4 18. Rad1 Bg7 19. f4 Rfd8 20. e5
Rd3 21. Rxd3 cxd3 22. Rd1 Rd8 23. Kf2 Bf8 24. Kf3 Na4 25. Ke3 a6 26. Bf2 Bh6
27. g3 g5 28. Bc4 Nb2 29. Bb3 Nxd1+ 30. Bxd1 gxf4+ 31. gxf4 d2 32. Bg3 Kg7 33.
Ke2 Rd4 34. Ke3 Rc4 35. Bb3 b5 36. Bd1 Rb4 37. a3 Rc4 38. Kf3 a5 39. Ke3 a4 40.
Be2 Bxf4+ 41. Bxf4 Rxf4 42. Kxd2 b4 43. axb4 Rxb4 44. Kc3 a3 45. Bc4 Rxc4+ 0-1

[Event "4NCL Division Two"]
[Site "Telford, ENG"]
[Date "2024.03.16"]
[EventDate "2024.03.16"]
[Round "7.22"]
[White "Southcott-Moyers, Indy"]
[WhiteElo "2243"]
[WhiteTeam "The Audible Checks"]
[Black "Li, Vladimir"]
[BlackTitle "FM"]
[BlackElo "2303"]
[BlackTeam "CSC/Kingston 1"]
[Result "1/2-1/2"]

1. d4 Nf6 2. c4 e6 3. Nf3 d5 4. Nc3 c5 5. cxd5 cxd4 6. Nxd4 Nxd5 7. Nxd5 Qxd5
8. e3 Bb4+ 9. Bd2 Bxd2+ 10. Qxd2 O-O 11. Nf3 Qxd2+ 12. Nxd2 Nc6 13. Rc1 Bd7 14.
Be2 Rac8 15. O-O Rfd8 16. Ne4 Nb4 17. Nc3 Bc6 18. Rfd1 Kf8 19. Rxd8+ Rxd8 20.
a3 Nd5 21. Nxd5 Rxd5 22. Bf3 Rd6 23. Bxc6 Rxc6 24. Rxc6 bxc6 25. Kf1 Ke7 26.
Ke2 Kd6 27. Kd3 c5 28. Kc4 Kc6 29. e4 a6 30. f4 h5 31. g3 g6 32. b4 cxb4 33.
Kxb4 Kb6 34. a4 a5+ 35. Kc4 Kc6 36. Kd4 Kd6 37. e5+ Kc6 38. Kc4 Kb6 39. Kd4 Kc6
40. Kc4 Kb6 41. Kd4 Kc6 1/2-1/2

[Event "4NCL Division Two"]
[Site "Telford, ENG"]
[Date "2024.03.16"]
[EventDate "2024.03.16"]
[Round "7.23"]
[White "Maycock Bates, David Henry"]
[WhiteTitle "CM"]
[WhiteElo "2343"]
[WhiteTeam "CSC/Kingston 1"]
[Black "Blackburn, Jonathan L B"]
[BlackTitle "FM"]
[BlackElo "2178"]
[BlackTeam "The Audible Checks"]
[Result "1-0"]

1. e4 e6 2. d4 d5 3. e5 c5 4. c3 Qb6 5. Nf3 Bd7 6. Bd3 cxd4 7. Nxd4 Nc6 8. Nxc6
bxc6 9. O-O Ne7 10. Nd2 Ng6 11. Nf3 c5 12. h4 Bb5 13. b4 Bxd3 14. Qxd3 a5 15.
bxc5 Bxc5 16. Rb1 Qc7 17. h5 Ne7 18. h6 gxh6 19. Bxh6 Rg8 20. Qxh7 Rg6 21. c4
dxc4 22. Rfd1 c3 23. Bg7 Rxg7 24. Qxg7 Nd5 25. Rxd5 exd5 26. e6 O-O-O 27. Qg4
c2 28. e7+ 1-0

[Event "4NCL Division Two"]
[Site "Telford, ENG"]
[Date "2024.03.16"]
[EventDate "2024.03.16"]
[Round "7.24"]
[White "Rees, Ioan"]
[WhiteTitle "FM"]
[WhiteElo "2266"]
[WhiteTeam "The Audible Checks"]
[Black "Finn, Peter"]
[BlackTitle "CM"]
[BlackElo "2278"]
[BlackTeam "CSC/Kingston 1"]
[Result "1-0"]

1. d4 Nf6 2. c4 e6 3. Nf3 d5 4. cxd5 exd5 5. Nc3 Bb4 6. Bf4 Ne4 7. Rc1 Nc6 8.
Nd2 g5 9. Bg3 Nxg3 10. hxg3 Bf5 11. e3 O-O 12. Qb3 Bxc3 13. Qxc3 Ne7 14. Bd3
Rc8 15. Bxf5 Nxf5 16. Qd3 Qd7 17. g4 Nh4 18. g3 Ng6 19. Qf5 Qd8 20. Kf1 f6 21.
Kg2 Rf7 22. b4 c6 23. Nb3 b6 24. Rc3 Qd7 25. Qxd7 Rxd7 26. Nc1 Ne7 27. Nd3 Kg7
28. a4 Rb8 29. Rhc1 a5 30. bxa5 bxa5 31. Nc5 Ra7 32. Rb3 Rxb3 33. Nxb3 Rb7 34.
Nxa5 Rb6 35. Ra1 Kf7 36. Ra3 Ke6 37. Nb3 Kd6 38. a5 Rb8 39. Nc5 Ng6 40. Rb3
Rxb3 41. Nxb3 Kc7 42. Nc5 Nf8 43. Kf1 Nd7 44. Nxd7 Kxd7 45. Ke2 Kc7 46. Kd3 Kb7
47. Kc3 1-0

[Event "4NCL Division Two"]
[Site "Telford, ENG"]
[Date "2024.03.16"]
[EventDate "2024.03.16"]
[Round "7.25"]
[White "Lalic, Peter D"]
[WhiteTitle "CM"]
[WhiteElo "2268"]
[WhiteTeam "CSC/Kingston 1"]
[Black "Saunders, Aron"]
[BlackElo "2083"]
[BlackTeam "The Audible Checks"]
[Result "1/2-1/2"]

1. d3 d5 2. e4 dxe4 3. dxe4 Qxd1+ 4. Kxd1 Nd7 5. Nf3 e5 6. Bc4 f6 7. Nfd2 Nc5
8. Nc3 c6 9. a4 Be6 10. Bxe6 Nxe6 11. Nb3 O-O-O+ 12. Ke2 Bd6 13. Be3 Kb8 14.
Rhd1 Ne7 15. Rd3 Bc7 16. Rad1 Bb6 17. Rxd8+ Rxd8 18. Rxd8+ Nxd8 19. a5 Bxe3 20.
Kxe3 1/2-1/2

[Event "4NCL Division Two"]
[Site "Telford, ENG"]
[Date "2024.03.16"]
[EventDate "2024.03.16"]
[Round "7.26"]
[White "Hng, Mei-Xian Eunice"]
[WhiteTitle "WFM"]
[WhiteElo "2083"]
[WhiteTeam "The Audible Checks"]
[Black "Wilson, Ewan"]
[BlackElo "2185"]
[BlackTeam "CSC/Kingston 1"]
[Result "1/2-1/2"]

1. Nf3 d5 2. c4 c6 3. d4 Nf6 4. Nc3 e6 5. Bg5 h6 6. Bxf6 Qxf6 7. e3 Nd7 8. Bd3
Bd6 9. O-O O-O 10. Rc1 Re8 11. a3 Bf8 12. Re1 dxc4 13. Bxc4 e5 14. Ne4 Qg6 15.
Qb3 exd4 16. Nh4 Qxe4 17. Bxf7+ Kh8 18. Ng6+ Kh7 19. f3 Qxg6 20. Bxg6+ Kxg6 21.
exd4 Rxe1+ 22. Rxe1 Nf6 23. g3 Rb8 24. Qa4 a6 25. Qa5 Bd6 26. Qd8 Bd7 27. Qa5
Nd5 28. Kg2 Kf7 29. Qd2 Bc7 30. Qd3 Rd8 31. h4 Re8 32. Rxe8 Kxe8 33. Qe4+ Kf7
34. h5 Nf6 35. Qc2 Nd5 36. Qg6+ Kf8 37. Qh7 Nf6 38. Qh8+ Ng8 39. Qh7 Nf6 40.
Qh8+ Ng8 41. Qh7 Nf6 1/2-1/2

[Event "4NCL Division Two"]
[Site "Telford, ENG"]
[Date "2024.03.16"]
[EventDate "2024.03.16"]
[Round "7.27"]
[White "Buanne, Luca"]
[WhiteElo "2110"]
[WhiteTeam "CSC/Kingston 1"]
[Black "Bullen, Alex"]
[BlackTitle "CM"]
[BlackElo "2147"]
[BlackTeam "The Audible Checks"]
[Result "0-1"]

1. e4 c6 2. d4 d5 3. e5 Bf5 4. h4 h5 5. c4 e6 6. Nc3 Ne7 7. Nge2 dxc4 8. Ng3
Bg4 9. f3 Bf5 10. Bxc4 Bg6 11. Bg5 Qb6 12. Qd2 Nd5 13. a3 Nd7 14. Rc1 a6 15.
Na4 Qc7 16. Bxd5 exd5 17. O-O f6 18. Bf4 fxe5 19. dxe5 Qd8 20. Bg5 Be7 21. Bxe7
Qxe7 22. e6 Ne5 23. f4 Ng4 24. Rf3 Qxh4 25. Qc3 O-O 26. f5 Qh2+ 27. Kf1 h4 28.
e7 Rf6 29. fxg6 hxg3 30. Rxf6 Qh1+ 31. Ke2 Qxg2+ 32. Kd3 Qe4+ 33. Kd2 Nxf6 34.
Re1 g2 35. Qg3 Qxa4 36. Qe5 Ne4+ 37. Kc1 Qc4+ 38. Kb1 Nd2+ 39. Ka1 Nb3+ 40. Kb1
Nd2+ 41. Ka1 Nb3+ 42. Kb1 Qe4+ 43. Rxe4 g1=Q+ 44. Kc2 Qg2+ 45. Re2 Qxe2+ 0-1

[Event "4NCL Division Two"]
[Site "Telford, ENG"]
[Date "2024.03.16"]
[EventDate "2024.03.16"]
[Round "7.28"]
[White "Turner, Lewis A"]
[WhiteElo "2101"]
[WhiteTeam "The Audible Checks"]
[Black "Frostick, Helen M"]
[BlackElo "1851"]
[BlackTeam "CSC/Kingston 1"]
[Result "1/2-1/2"]

1. e4 c5 2. Nf3 Nc6 3. d4 cxd4 4. Nxd4 e5 5. Nb5 d6 6. N1c3 a6 7. Na3 Be7 8.
Be3 Nf6 9. Nc4 b5 10. Nb6 Rb8 11. Nxc8 Rxc8 12. a4 b4 13. Nd5 Nxd5 14. exd5 Nb8
15. Bd3 O-O 16. a5 Qd7 17. O-O f5 18. f3 Qb7 19. b3 Kh8 20. Bc4 Nd7 21. Qe2 Ra8
22. Ra4 f4 23. Bd2 Qa7+ 24. Kh1 Nc5 25. Raa1 Rfb8 26. Be1 Bd8 27. Bf2 Qc7 28.
Rfe1 Bf6 29. Ra2 g6 30. Rd1 Qc8 31. Qd2 Kg7 32. Qe2 Bd8 33. Qd2 Kh8 34. c3 bxc3
35. Qxc3 Kg7 36. b4 Nd7 37. Rc2 Nf6 38. Rdc1 Qb7 39. Be1 Nxd5 40. Qd2 Ne3 41.
Qxd6 Qe7 42. Qd3 Nxc2 43. Rxc2 Rxb4 44. Bxb4 Qxb4 1/2-1/2